00465nam a2200181Ia 4500003000400000008004100004040001600045082001700061100002600078245005900104700002200163260002000185300001000205650001500215650001200230650001900242650002200261GCL140319s9999 xx 000 0 eng d aGCL / cGCL04aCHb843bS V1 aSEGUR, LA COMTESSE DE10aLA VIE AU MOULIN DE CADICHON / cSEGUR, LA COMTESSE DE1 aMILLOUR, GILBERTE a[S.N] : bHEMMA a120 P04aLITERATURE04aFICTION04aFRENCH FICTION04aFRENCH LITERATURE